| 000 | 00582nam a2200193 a 4500 | ||
|---|---|---|---|
| 005 | 20231024063549.0 | ||
| 008 | 991125s1950 mx 000 0 spa u | ||
| 035 | _aUPN01000031754 | ||
| 049 | _aCG | ||
| 050 | 4 |
_aHD7096 A44 _bM6.5 |
|
| 100 | 1 | _aMoles, Ricardo R. | |
| 245 | 1 | 3 |
_aLa integración latinoamericana y la seguridad social / _cRicardo R. Moles. |
| 260 |
_aMéxico : _bCIESS, _c[195-?]. |
||
| 300 | _a71 p. | ||
| 440 | 0 |
_aCuadernos técnicos ; _v8 |
|
| 500 | _aDisponible en la Colección Medina | ||
| 650 | 4 |
_aSeguridad social _zAmérica Latina _913916 |
|
| 905 | _aLibro | ||
| 999 |
_c31754 _d31754 |
||